| 000 | 00445nam a22001697a 4500 | ||
|---|---|---|---|
| 003 | NUST | ||
| 038 | _aasad | ||
| 082 | _a200 THE | ||
| 100 |
_aFariha Tauseef _915739 |
||
| 245 | _aTH-SOF-1589-DETECTION OF HEART DISEASE USING DECISION TREE METHOD | ||
| 260 |
_aISLAMABAD _bNUST COLLEGE OF EME _c2018 |
||
| 300 | _bCD | ||
| 563 | _ahb | ||
| 650 |
_aMS-CSE-14 MSTHESIS _969371 |
||
| 700 |
_aAdvisor Dr. Usman Qamar _969372 |
||
| 942 |
_cCF _2ddc |
||
| 999 |
_c576690 _d576690 |
||